000 01756cam a2200325 a 4500
999 _c27310
_d27310
001 15112668
003 OSt
005 20170208093450.0
008 071213s2008 nyuaf b 001 0 eng
010 _a 2007050846
020 _a9780816070008
020 _a0816070008
035 _a(OCoLC)ocn183928654
040 _aDLC
_cDLC
_dBAKER
_dBTCTA
_dYDXCP
_dC#P
_dBWX
_dZJI
_dCQU
_dB@L
_dDLC
050 0 0 _aGB5014
_b.D38 2008
082 0 0 _a904/.5
_222
100 1 _aDavis, Lee
_q(Lee Allyn)
245 1 0 _aNatural disasters /
_cLee Davis.
250 _aNew ed.
260 _aNew York :
_bFacts On File,
_cc2008.
300 _axvi, 464 p., 8 p. of plates :
_bill. (some col.) ;
_c29 cm.
440 0 _aFacts on File science library
504 _aIncludes bibliographical references (p. 425-432) and index.
505 0 _aAvalanches and landslides -- Earthquakes -- Famines and droughts -- Floods -- Plagues and epidemics -- Cyclones -- Hurricanes -- Icestorms and snowstorms -- Tornadoes -- Storms -- Typhoons -- Volcanic eruptions and natural explosions.
520 _aDiscusses more than five hundred natural calamities that have devastated humanity and changed history, including hurricanes, earthquakes, famines and droughts, floods, plagues and epidemics, and volcanic eruptions. Simultaneous.
650 0 _aNatural disasters.
856 4 1 _3Table of contents only
_uhttp://www.loc.gov/catdir/toc/ecip086/2007050846.html
906 _a7
_bcbc
_corignew
_d1
_eecip
_f20
_gy-gencatlg
942 _2lcc
_cBOOKS
_hGB 5014 .D38 2008